Los cachorros andan sueltos /

Na minha lista:
Detalhes bibliográficos
Autor principal: Surí Quesada, Emilio
Formato: Desconhecido
Idioma:Spanish
Publicado em: La Habana, Cuba : Editora Política, 1987.
Colecção:(Colección Enero)
Assuntos:
Tags: Adicionar Tag
Sem tags, seja o primeiro a adicionar uma tag!

MARC

LEADER 000000000a22000000004500
001 002162
041 0 |a spa 
082 0 4 |a 972.850.53   |b S961c 
100 1 |a Surí Quesada, Emilio 
245 1 4 |a Los cachorros andan sueltos /   |c Emilio Surí Quesada. 
260 1 |a La Habana, Cuba :   |b Editora Política,   |c 1987. 
300 |a 207 página  
490 1 |a (Colección Enero) 
650 4 |a NICARAGUA 
650 4 |a EJERCITO POPULAR SANDINISTA 
650 4 |a BATALLON DE LUCHA IRREGULAR "RUFO MARIN" 
650 4 |a BIOGRAFIAS 
650 4 |a HISTORIA 
650 4 |a SIGLO XX 
650 4 |a ENTREVISTAS 
650 4 |a POLITICA Y GOBIERNO, 1979-1990 
999 |c 8744  |d 8744 
942 |c BK  |h 972.850.53 S961c  |2 z